| 000 | 00524nam a2200193Ia 4500 | ||
|---|---|---|---|
| 001 | 56592 | ||
| 008 | 140506s9999 xx 000 0 und d | ||
| 020 | _a0716716216 | ||
| 040 | _cPK-LaUMT | ||
| 082 |
_aMAL 333.790973 _bENE- |
||
| 100 | _aAronson, Elliot. | ||
| 245 |
_aEnergy use _bthe human dimension _cAronson, Elliot.<>Stern, Paul C. |
||
| 260 |
_aNew York,USA: _bW. H. Freeman and Company, _c1984 |
||
| 300 | _a237 p. | ||
| 546 | _aEN | ||
| 650 | _aEnergy consumption-US | ||
| 700 | _aStern, Paul C. | ||
| 942 | _cBK | ||
| 999 |
_c53905 _d53905 |
||